| Tag |
First Indicator |
Second Indicator |
Subfields |
| LEADER |
00000cam a2200000 4500 |
| 001 |
in00001476821 |
| 005 |
20151021063916.0 |
| 007 |
he amu|||bucu |
| 008 |
750423s1845 kyu b 000 0 eng d |
| 010 |
|
|
|a nuc87544564
|
| 035 |
|
|
|a (OCoLC)01294848
|
| 035 |
|
|
|9 AJG5090AM
|
| 040 |
|
|
|a LCP
|c MIA
|d RQM
|d OCL
|d TXA
|d UtOrBLW
|
| 043 |
|
|
|a fw-----
|
| 049 |
|
|
|a TXAI
|
| 050 |
1 |
0 |
|a DT671.A7
|b H6
|
| 099 |
|
|
|a fiche
|a C
|a 20286
|
| 100 |
1 |
|
|a Honey, William.
|
| 245 |
1 |
0 |
|a Narrative on the captivity and sufferings of William Honey and two other British merchant-seamen on the Island of Arguin on the West Coast of Africa in the years 1844-5.
|
| 264 |
|
1 |
|a London :
|b Smith, Elder,
|c 1845.
|
| 300 |
|
|
|a 31 pages ;
|c 20 cm.
|
| 336 |
|
|
|a text
|b txt
|2 rdacontent
|
| 337 |
|
|
|a microform
|b h
|2 rdamedia
|
| 338 |
|
|
|a microfiche
|b he
|2 rdacarrier
|
| 500 |
|
|
|a Master microform held by: LCP.
|
| 533 |
|
|
|a Microfiche (positive).
|b Louisville, Ky.,
|c Lost Cause Press,
|d 19--.
|e 2 sheets. 11 x 15 cm.
|f ([Slavery, source material and critical literature])
|
| 500 |
|
|
|a Microform.
|
| 650 |
|
0 |
|a Slavery
|z Africa, West.
|
| 651 |
|
0 |
|a Arguin Island (Mauritania)
|
| 830 |
|
0 |
|a Slavery, source material and critical literature.
|
| 999 |
|
|
|a MARS
|
| 999 |
f |
f |
|s 4e706594-60fc-3ed7-98d8-ab711f87166d
|i d1e6b2ae-4191-3683-a164-01e9b7f7bf60
|t 0
|
| 952 |
f |
f |
|a Texas A&M University
|b College Station
|c Sterling C. Evans Library
|d Evans: Microforms (3rd floor)
|t 0
|e fiche C 20286
|h Other scheme
|
| 998 |
f |
f |
|a fiche C 20286
|t 0
|l Evans: Microforms (3rd floor)
|